| 000 | 00391nam a22001337a 4500 | ||
|---|---|---|---|
| 005 | 20230224160353.0 | ||
| 008 | 230224b |||||||| |||| 00| 0 eng d | ||
| 040 | _c##$aRTC$cRTC | ||
| 082 | _a808 | ||
| 245 |
_aLIT 318: _bHouse of Mirrors: Postmodernist Literature _cBA English Studies |
||
| 260 |
_aThimphu; _bRoyal Thimphu College, _c2023 |
||
| 300 |
_a20 p. _c29.7 cm |
||
| 942 |
_2ddc _cCE TEXBOOK |
||
| 999 |
_c9309 _d9310 |
||